000 00357 a2200157 4500
001 71930
020 _a8526703501
040 _cAnchieta - Colégio São Paulo
100 _aPaccalet, Y.
240 1 0 _aOs leões do Calypso
_lpor
245 1 0 _aOs leões do Calypso
300 _a48
362 0 _a1991
650 4 _aLiteratura infanto-juvenil
942 _cBK
999 _c71930
_d71930